000
00239nam a2200109Ia 4500
005
20251222114400.0
008
251222s1900||||xx |||||||||||||| ||spa||
082
_a
DVD0070 F36/1954
245
0
_a
La Strada
264
_b
Filmauro
942
_c
DVD
999
_c
1603
_d
1603